Welcome to the Holygrace Academy Library

Please use search bar below to get started

PIRATES (Record no. 8772)

MARC details
000 -LEADER
fixed length control field 00272nam a22001337a 4500
082 ## - DEWEY DECIMAL CLASSIFICATION NUMBER
Classification number 823
Item number HER/P
100 ## - MAIN ENTRY--AUTHOR NAME
Personal name HERSLEY, LORRAINE
245 ## - TITLE STATEMENT
Title PIRATES
246 ## - VARYING FORM OF TITLE
Title proper/short title PIRATES
Remainder of title PIRATES
260 ## - PUBLICATION, DISTRIBUTION, ETC. (IMPRINT)
Place of publication LONDON
Name of publisher LADYBIRD
300 ## - PHYSICAL DESCRIPTION
Number of Pages 29
650 ## - SUBJECT ADDED ENTRY--TOPICAL TERM
Topical Term ENGLISH STORY
942 ## - ADDED ENTRY ELEMENTS (KOHA)
Koha item type Books
Holdings
Withdrawn status Lost status Collection code Home library Current library Shelving location Date acquired Source of acquisition Cost, normal purchase price Full call number Accession Number Koha item type
    Fiction Main Library Main Library SHELF 3-B- LADY BIRD STORY BOOKS 23/07/2024 PURCHASED 25.00 823 HER/P 08947 Books